| 000 | 01696cam a22004694i 4500 | ||
|---|---|---|---|
| 003 | PE-LiUPU | ||
| 005 | 20250731165522.0 | ||
| 008 | 150623s r 000 0 d | ||
| 035 | _a(Sirsi) a27652 | ||
| 040 |
_aPE-LiUPU _bspa _cPE-LiUPU _erda |
||
| 082 | 0 | 4 |
_a530.3 _bJ54 _221 |
| 245 | 0 | 0 |
_aDiccionarios Rioduero : _bFísica / _ceditado por Manuel Jiménez Redondo. |
| 264 | 1 |
_aMadrid : _bEdiciones Rioduero, _c1979. |
|
| 300 |
_a255 páginas : _bilustraciones, gráficos ; _c19 cm. |
||
| 336 |
_atext _2rdacontent |
||
| 337 |
_aunmediated _2rdamedia |
||
| 338 |
_avolume _2rdacarrier |
||
| 526 | _aSEG44 | ||
| 526 | _aSEG26 | ||
| 526 | _aP151 | ||
| 526 | _aP150 | ||
| 526 | _aP149 | ||
| 526 | _aP146 | ||
| 526 | _aP145 | ||
| 526 | _aP126 | ||
| 526 | _aP125 | ||
| 526 | _aP92 | ||
| 526 | _aP75 | ||
| 526 | _aP74 | ||
| 526 | _aP27 | ||
| 526 | _aP15 | ||
| 650 | 0 | 4 |
_aF{isica _vDiccionarios. |
| 700 | 1 |
_aJiménez Redondo, Manuel, _eed. |
|
| 942 |
_2ddc _cBOOK |
||
| 949 |
_a530.3 J54 _wDEWEY _c1 _i21492 _lCCODEBUL1 _mBUL _p00.00 _r0 _sY _tBOOK _u2015-06-24 _xBIBLIOTECA _zUNKNOWN _0COMPRA _o.STAFF. Colección General |
||
| 949 |
_a530.3 J54 _wDEWEY _c2 _i26239 _lCCODEBUL1 _mBUL _p00.00 _r0 _sY _tBOOK _u2015-06-24 _xBIBLIOTECA _zUNKNOWN _0COMPRA _o.STAFF. Colección General |
||
| 596 | _a1 | ||
| 999 |
_a530.3 J54 _wDEWEY _c34814 _i21492 _d34814 _e2016-10-5 _f2021-11-8 _g7 _lRCG _mBUL _n3 _r1 _sN _tBOOK _u2015-6-24 _xBIBLIOTECA _zUNKNOWN _0COMPRA _o.STAFF. Colección General |
||
| 999 |
_a530.3 J54 _wDEWEY _c2 _i26239 _f2021-11-8 _g7 _lRCG _mBUL _r1 _sN _tBOOK _u2015-6-24 _xBIBLIOTECA _zUNKNOWN _0COMPRA _o.STAFF. Colección General |
||
| 980 |
_81 _gALBERTO SANCHEZ Responsable de Automatización |
||